Memoria de gestión 2012-2016 (Record no. 8073)
[ view plain ]
| 000 -LEADER | |
|---|---|
| campo de control de longitud fija | 00388nam a2200133Ia 4500 |
| 001 - NÚMERO DE CONTROL | |
| campo de control | 4577 |
| 008 - DATOS DE LONGITUD FIJA--INFORMACIÓN GENERAL | |
| campo de control de longitud fija | 241024s9999 xx 000 0 und d |
| 082 ## - NÚMERO DE LA CLASIFICACIÓN DECIMAL DEWEY | |
| Número de clasificación | RD/615/C733m/2012-2016 |
| 100 ## - ENTRADA PRINCIPAL--NOMBRE DE PERSONA | |
| Nombre de persona | Comisión Presidencial de Política Farmacéutica Nacional. COPPFAN |
| 245 #0 - MENCIÓN DEL TÍTULO | |
| Título | Memoria de gestión 2012-2016 |
| 260 ## - PUBLICACIÓN, DISTRIBUCIÓN, ETC. | |
| Nombre del editor, distribuidor, etc. | Santo Domingo |
| Fecha de publicación, distribución, etc. | 2016 |
| 901 ## - ELEMENTOS DE DATOS A LOCAL LDA (RLIN) | |
| a | 11/1/2017 2:26:38 p.m. |
No items available.